Útvar křídový v Českém Středohoří. Díl 3 /

Hlavní autor: Zahálka, Čeněk, 1856-1938
Jazyk: Čeština
Vydáno: Praha : Státní geologický ústav Čsl. republiky, 1938
Externí odkaz: Digitalizovaný dokument
Fyzický popis: 8 s. : [I] mp. ; 4°
Knihy
Uloženo v:
LEADER 00960nam a22002412a 4500
001 001418435
003 CZ BrMZK
005 20140908140744.0
007 ta
008 140908s1938 xr bf er|||||||||||cze d
015 |a cnb000953909 
035 |a (OCoLC)85620962 
040 |a ABA001  |b cze  |c HKA001  |d ABA001 
100 1 |a Zahálka, Čeněk,  |d 1856-1938  |7 jk01151894  |4 aut 
245 1 0 |a Útvar křídový v Českém Středohoří.  |n Díl 3 /  |c sepsal Čeněk Zahálka 
260 |a Praha :  |b Státní geologický ústav Čsl. republiky,  |c 1938 
300 |a 8 s. :  |b [I] mp. ;  |c 4° 
500 |a Geologická mapa jihozápadní části Českého Středohoří v měř. 1: 25000 
856 4 1 |u http://www.digitalniknihovna.cz/mzk/uuid/uuid:111fe950-38a9-11e4-8f64-005056827e52  |y Digitalizovaný dokument  |x NDK 
910 |a BOA001  |b 4-0152.145,3 
990 |a BK 
991 |b 201409 
996 7 |b 2619029951  |c 4-0152.145,3  |l MZK  |r Sklad / do 24 hodin  |n 0  |w 001453498  |u 000010  |a 1  |e BOA001  |j MZK50  |s A